| 000 | 01037nam a22002057a 4500 | ||
|---|---|---|---|
| 999 |
_c61988 _d61988 |
||
| 003 | Ge_BSU | ||
| 005 | 20240619113212.0 | ||
| 008 | 240619s1955 ge ||||| |||| 00| 0 geo d | ||
| 041 | _ageo | ||
| 080 | _a616-099(075.8) ა-45 | ||
| 100 |
_aალადაშვილი, ა. _914178 |
||
| 245 |
_aმწვავე მოშხამვათა გამოცნობა და მკურნალობა : _bდამხმ. სახელმძღვ. ექიმთა და სტუდენტთათვის / _cა. ალადაშვილი, ვ. ალადაშვილი. |
||
| 250 | _aმე-2 შევს. და გადამუშ. გამოც. | ||
| 264 |
_aთბ. : _bსაქმედგამი, _c1955. |
||
| 300 |
_a124 გვ. ; _b21 სმ. |
||
| 653 | _aექიმის ბიბლიოთეკა | ||
| 653 | _aმწვავე მოწამვლა | ||
| 700 |
_aალადაშვილი, ვ. _eავტორი _97956 |
||
| 942 |
_2udc _cᲬᲘᲒᲜᲘ |
||